MOST PIM NHL 2024-2025 - Statistics

General Stats
  • This quiz has been taken 9 times
  • The average score is 4 of 15
Answer Stats
TEAM PIM MVP % Correct
BRUINS 145 RUS NIKITA ZADOROV
78%
CANADIENS 118 ON,CAN ARBER XHEKAJ
67%
PANTHERS 90 ON,CAN SAM BENNETT
67%
CAPITALS 100 ON,CAN TOM WILSON
67%
BLUE JACKETS 139 MS,USA MATHIEU OLIVIER
56%
CANADIENS 90 ON,CAN JOSH ANDERSON
33%
BRUINS 89 SA,CAN TANNER JEANNOT
22%
PANTHERS 130 QC,CAN A.J. GREER
11%
SENATORS 123 AZ,USA BRADY TKATCHUK
11%
CAPITALS 98 FL,USA BRANDON DUHAIME
11%
BLACKHAWKS 97 MS,USA PAT MAROON
11%
LIGHTNING 105 NOR EMIL LILLEBERG
0%
BRUINS 106 AZ,USA MARK KASTELIC
0%
SABERS 89 CA,USA MICHAEL KESSELRING
0%
PREDATORS 102 MI,USA MICHAEL MCCARRON
0%
No matching quizzes found
Score Distribution
Percent of People with Each Score
Percentile by Number Answered
Your Score History
You have not taken this quiz